| 000 | 00516nam a2200181Ia 4500 | ||
|---|---|---|---|
| 005 | 20250423100405.0 | ||
| 008 | 250422s9999 xx 000 0 und d | ||
| 020 | _a9781613248751 | ||
| 050 | _aTP 690 .B76/ | ||
| 100 | _aBrouwer, Matthew P. | ||
| 245 | 0 | _aOil refining and the petroleum industry. | |
| 260 | _aNew York | ||
| 260 | _bNova science publishers, Inc. | ||
| 260 | _c2012 | ||
| 300 | _a136 p | ||
| 650 | _a Petroleum--Refining. Petroleum refineries. Petroleum industry and trade. | ||
| 942 | _cBK | ||
| 999 |
_c33160 _d33160 |
||